| 000 | 01755nam0a2200361 4500 | ||
|---|---|---|---|
| 001 | RU\NLR\bibl\428439 | ||
| 005 | 20260408063513.0 | ||
| 010 |
_a5-94523-018 _91000 |
||
| 021 |
_aRU _b2003-38939 _91854 |
||
| 035 | _a(NLR Aleph) 000422310 | ||
| 090 |
_a702735 _c702735 |
||
| 100 | _a20030813d2002 |||y0rusy50 ca | ||
| 101 | 0 | _arus | |
| 102 | _aRU | ||
| 105 | _ay ||||||||| | ||
| 200 | 1 |
_aОценка уровня обученности учащихся средней школы по физике _fГос. учреждение доп. проф. образования Регион. центр мониторинга в образовании _g[Авт. и сост.: В.А. Чернышова и др.] |
|
| 210 |
_aСамара _cРЦМО _d2002 |
||
| 215 |
_a39 с. _d20 |
||
| 225 | 1 | _aСерия "Аттестация образовательных учреждений" | |
| 225 | 1 |
_aСредняя школа _iФизика |
|
| 300 | _aЗагл. обл.: Оценка уровня обученности учащихся средней школы | ||
| 320 | _aБиблиогр.: с. 37 (11 назв.) | ||
| 512 | 1 | _aОценка уровня обученности учащихся средней школы | |
| 606 | 0 |
_aФизика _xЗнания _xОценка _xСредняя школа _92314049 _3RU\NLR\AUTH\661384765 |
|
| 686 | 1 | _aЧ426.51-28 | |
| 702 | 1 |
_aЧернышова _bВ. А. _gВалентина Алексеевна _4220 |
|
| 712 | 0 | 2 |
_4570 _aРегиональный центр мониторинга в образовании _cСамара _3RU\NLR\AUTH\8810035295 _9568853 |
| 801 | 0 |
_aRU _bNLR _c20030813 _gPSBO |
|
| 801 | 1 |
_aRU _bNLR _c20030813 |
|
| 942 | _cBOOK | ||
| 980 | _aNB | ||